Strength of Materials (Record no. 6164)

000 -LEADER
fixed length control field 00468nam a22001937a 4500
001 - CONTROL NUMBER
control field 6164
003 - CONTROL NUMBER IDENTIFIER
control field BD-DhUET
008 - FIXED-LENGTH DATA ELEMENTS--GENERAL INFORMATION
fixed length control field 141130b xxu||||| |||| 00| 0 eng d
040 ## - CATALOGING SOURCE
Original cataloging agency DLC
Transcribing agency DLC
Modifying agency BD-DhUET
082 ## - DEWEY DECIMAL CLASSIFICATION NUMBER
Classification number 620.11
Item number KHU/1984
100 ## - MAIN ENTRY--PERSONAL NAME
Personal name Khurmi, R. S.
245 ## - TITLE STATEMENT
Title Strength of Materials
250 ## - EDITION STATEMENT
Edition statement 14th ed.
260 ## - PUBLICATION, DISTRIBUTION, ETC. (IMPRINT)
Place of publication, distribution, etc. New Delhi
Name of publisher, distributor, etc. S. Chand
Date of publication, distribution, etc. 1984
300 ## - PHYSICAL DESCRIPTION
Extent vi, 991 p.
Other physical details ill.
650 #0 - SUBJECT ADDED ENTRY--TOPICAL TERM
Topical term or geographic name as entry element Strength of materials
700 ## - ADDED ENTRY--PERSONAL NAME
Personal name Lal, Jagdish
942 ## - ADDED ENTRY ELEMENTS (KOHA)
Koha item type General Book
Holdings
Koha item type Copy number Koha normalized classification for sorting Price effective from Koha full call number Piece designation (barcode) Date acquired Koha date last seen Location (home branch) Withdrawn status Not for loan Source of classification or shelving scheme Lost status Sublocation or collection (holding branch) Shelving location Damaged status
General Book1620_110000000000000_KHU_19842014-11-30620.11/KHU/1984583002014-11-302014-11-30Central Library, BUET    Central Library, BUETCirculation section 
General Book2620_110000000000000_KHU_19842014-12-04620.11/KHU/1984582992014-12-042014-12-04Central Library, BUET    Central Library, BUETCirculation section 
General Book3620_110000000000000_KHU_19842014-12-04620.11/KHU/1984583042014-12-042017-01-25Central Library, BUET    Central Library, BUETCirculation section 
General Book4620_110000000000000_KHU_19842014-12-06620.11/KHU/1984582932014-12-062014-12-06Central Library, BUET    Central Library, BUETCirculation section 
General Book5620_110000000000000_KHU_19842014-12-06620.11/KHU/1984398052014-12-062014-12-06Central Library, BUET    Central Library, BUETCirculation section 
General Book6620_110000000000000_KHU_19842015-04-30620.11/KHU/1984583052015-04-302015-04-30Central Library, BUET    Central Library, BUETCirculation section 
General Book7620_110000000000000_KHU_19842015-04-30620.11/KHU/1984583032015-04-302015-04-30Central Library, BUET    Central Library, BUETCirculation section 
Reading Item8620_110000000000000_KHU_19842015-06-20620.11/KHU/1984583062015-06-202015-06-20Central Library, BUET    Central Library, BUETReading section 
Reading Item11620_110000000000000_KHU_19842015-06-28620.11/KHU/1984582972015-06-282015-06-28Central Library, BUET    Central Library, BUETReading section 
Reading Item10620_110000000000000_KHU_19842015-06-28620.11/KHU/1984582982015-06-282015-06-28Central Library, BUET    Central Library, BUETReading section 
Reading Item11620_110000000000000_KHU_19842015-06-28620.11/KHU/1984583012015-06-282015-06-28Central Library, BUET    Central Library, BUETReading section 
Reading Item12620_110000000000000_KHU_19842015-06-30620.11/KHU/1984582962015-06-302015-06-30Central Library, BUET    Central Library, BUETReading section 
Reading Item13620_110000000000000_KHU_19842015-06-30620.11/KHU/1984582952015-06-302015-06-30Central Library, BUET    Central Library, BUETReading section 
Reading Item14620_110000000000000_KHU_19842015-07-02620.11/KHU/1984583022015-07-022015-07-02Central Library, BUET    Central Library, BUETReading section